Online katalóg knižníc regiónu Turca

Cirkus Humberto (Record no. 20603)

MARC details
000 -LEADER
fixed length control field 00962nam a2200301 a 4500
001 - CONTROL NUMBER
control field 20603
003 - CONTROL NUMBER IDENTIFIER
control field VRT
005 - DATE AND TIME OF LATEST TRANSACTION
control field 20260127120838.0
008 - FIXED-LENGTH DATA ELEMENTS--GENERAL INFORMATION
fixed length control field 060405s1972 xo slo d
020 ## - INTERNATIONAL STANDARD BOOK NUMBER
Terms of availability 31.00
035 ## - SYSTEM CONTROL NUMBER
System control number MIZKGZ68737
039 #9 - LEVEL OF BIBLIOGRAPHIC CONTROL AND CODING DETAIL [OBSOLETE]
Level of rules in bibliographic description 202107201823
Level of effort used to assign nonsubject heading access points AUTHORITY
Level of effort used to assign subject headings 200604070241
Level of effort used to assign classification VLOAD
040 ## - CATALOGING SOURCE
Original cataloging agency MIZKGZ
Language of cataloging slo
Transcribing agency MIZKGZ
041 1# - LANGUAGE CODE
Language code of text/sound track or separate title slo
Language code of original cze
100 1# - MAIN ENTRY--PERSONAL NAME
Personal name Bass, Eduard,
Dates associated with a name 1888-1946
245 1# - TITLE STATEMENT
Title Cirkus Humberto
Statement of responsibility, etc. Eduard Bass ; [z českého originálu prel. Štefan Žáry]
260 ## - PUBLICATION, DISTRIBUTION, ETC.
Place of publication, distribution, etc. Bratislava
Name of publisher, distributor, etc. Tatran
Date of publication, distribution, etc. 1972
300 ## - PHYSICAL DESCRIPTION
Extent 555 s. viaz.
490 1# - SERIES STATEMENT
Series statement Hviezdoslavova knižnica
Volume/sequential designation Zv. 207
650 07 - SUBJECT ADDED ENTRY--TOPICAL TERM
Topical term or geographic name entry element spoločenské romány
Source of heading or term MIZKGZ
650 07 - SUBJECT ADDED ENTRY--TOPICAL TERM
Topical term or geographic name entry element česká literatúra
Source of heading or term MIZKGZ
700 1# - ADDED ENTRY--PERSONAL NAME
Personal name Žáry, Štefan,
Dates associated with a name 1918-2007
Relationship trl
830 #0 - SERIES ADDED ENTRY--UNIFORM TITLE
Uniform title Hviezdoslavova knižnica
Volume/sequential designation Zv. 207
910 ## - USER-OPTION DATA (OCLC)
User-option data mizkgz
942 ## - ADDED ENTRY ELEMENTS (KOHA)
Source of classification or shelving scheme Dewey Decimal Classification
Koha item type Krásna literatúra pre dospelých
Suppress in OPAC No
949 ## - LOCAL PROCESSING INFORMATION (OCLC)
6 273K0042061
a svkpoA 86797
b svkpo196989
Holdings
Stav vyradenia Strata Poškodenie Spôsob nadobudnutia Domovská knižnica Aktuálna knižnica Dátum nadobudnutia Total checkouts Čiarový kód exemplára Date last seen Typ exemplára
      Dar Obecná knižnica Horná Štubňa Obecná knižnica Horná Štubňa 27.01.2026   4736200697 27.01.2026 Krásna literatúra pre dospelých
Projekt je podporený Slovenskou asociáciou knižníc
Prevádzkuje Turčianska knižnica Martin 2026